00383nam a2200109Ia 4500008004100000041000800041100001900049245011900068260004700187300000800234700003100242250110s9999 xx 000 0 und d aeng aKudale Pranjal aSystem Design Of Predictive Moodelling For Adding In Liveability In Post Metro Vertical City : A Case Of Pune City bBNCA M Arch Environment Architecturec2021 a50p aGuide Name:Gawande Swapnil